00707cam a22002413a 45000010005000000030006000050050017000110080041000280400015000690420007000840500007000911000034000982450068001322600029002005060030002295160020002596530018002796530028002976530032003256530039003578300028003968560041004243716PGUSA20140828083037.0030201s2003||||xxu|||||s|||||000 1 eng d aPGUSAbeng adc 4aPR1 aTrollope, Anthony,d1815-188210aMrs. General Talboysh[electronic resource] /cAnthony Trollope bProject Gutenberg,c2003 aPublic domain in the USA. aElectronic text aShort stories aRome (Italy) -- Fiction aBritish -- Italy -- Fiction aMan-woman relationships -- Fiction 0aProject Gutenbergv371640uhttp://www.gutenberg.org/ebooks/3716